00438nam a2200169Ia 450000500170000000800410001704000190005804100120007708200130008910000160010224500350011826000270015330000130018050400500019365000150024385000100025820221011100233.0131103s9999 xx 000 0 und d aLoreto College aEnglish a150bBOA aBoas, G. D. aGeneral psychologycG. D. Boas aMadrasbGunalayac1957 aix,467p  aIncludes bibliographical references and index aPsychology aLCLIB